Statistiques concernant Le quiz des premiers et premières

Cliquez ici pour prendre le quiz!

Statistiques générales

  • Ce quiz a été pris 10 748 fois
  • Le résultat moyen est 11 sur 22

Statistiques - réponses

QuestionRéponseDate% Correct
Être humain créé par Dieu, selon la BibleAdamSixième jour de la Création
89%
À avoir posé le pied sur la LuneNeil Armstrong1969
89%
Femme à recevoir un Prix NobelMarie Curie1903
83%
Européen à naviguer jusqu'aux AntillesChristophe Colomb1492
80%
Président américainGeorge Washington1789
79%
Roi des FrancsClovis I481
70%
Homme dans l'espaceYouri Gagarine1961
66%
Président de la république populaire de ChineMao Zedong1949
64%
Empereur romainAuguste27 av. J.-C.
58%
Président de la République françaiseLouis-Napoléon Bonaparte1848
57%
Femme Première Ministre du Royaume-UniMargaret Thatcher1979
55%
Acteur à avoir incarné Astérix à l'écranChristian Clavier1999
49%
À avoir observé les lunes de JupiterGalilée1610
46%
Femme Première Ministre françaiseÉdith Cresson1991
35%
Européen à naviguer jusqu'à l'IndeVasco de Gama1498
32%
PapeSaint PierreEnv. 33
29%
Femme élue à l'Académie françaiseMarguerite Yourcenar1980
20%
À avoir traversé l'Atlantique en avion, sans escaleCharles Lindbergh1927
16%
Entité primordiale dans la mythologie grecqueChaosAu "commencement"
13%
À atteindre le sommet de l'EverestEdmund Hillary1953
10%
À avoir atteint le pôle SudRoald Amundsen1911
10%
À atteindre le sommet de l'EverestTenzing Norgay1953
5%

Distribution des résultats

Percentile par nombre de réponses

% des personnes avec chaque résultat

Votre développement - résultats

Vous n’avez pas pris ce quiz